Statistiques concernant Périphrases - Série 11

Cliquez ici pour prendre le quiz!

Statistiques générales

  • Ce quiz a été pris 77 fois
  • Le résultat moyen est 6 sur 10

Statistiques - réponses

PériphraseMot% Correct
Le fidèle compagnon de l'hommechien
100%
Le roi de la basse-courcoq
89%
Les saintes écrituresbible
77%
Le saint pèrepape
71%
La bête à Bon-Dieucoccinelle
69%
La messagère du printempshirondelle
68%
La cité interditePékin
65%
Le vaisseau du désertchameau
49%
La plus noble conquête de l'hommecheval
40%
Le joyau de l'ornithologiecolibri
3%

Distribution des résultats

Percentile par nombre de réponses

% des personnes avec chaque résultat

Votre développement - résultats

Vous n’avez pas pris ce quiz